000 00540pab a2200181 454500
008 180718b2004 xxu||||| |||| 00| 0 eng d
100 _aRani, Uma
245 _aUnorganised and organised manufacturing in India: potential for employment generating growth
260 _c2004
300 _ap.4568-580.
362 _a9 Oct
650 _aEmployment creation - India
650 _aManufacturing industry - India
650 _aManufacturing industry
700 _aUnni, Jeemol
773 _aEconomic and Political Weekly
909 _a62874
999 _c62874
_d62874